000 00996nam a2200229Ia 4500
001 L266-28589
003 IT-CnALBA
008 170116s9999||||xx |||||||||||||| ||und||
040 _aIT-CnALBA
_cIT-CnALBA
041 _aITALIANO
100 _aSENZA AUTORE
245 0 _aMISSIONARIO PER IL MONDO NELLA CHIESA LOCALE. (VITA E OPERE DI GIUSEPPE ALLAMANO).
250 _a1a ed.
260 _a TORINO, ROMA
_bMISSIONI CONSOLATA
_c1976 [1° Ed.:1976 - Ed.Ling.Originale: 1976]
300 _a80 p.
500 _aCURATORE PASQUALETTI G. BENEDIZIONE DEL CARDINALE VILLOT 1976. SACERDOTE NELLA CHIESA TORINESE. PER LE MISSIONI. FISIONOMIA SPIRITUALE.
501 _aSocietà San Paolo EM - Piazza San Paolo, 14 - 12051 ALBA (CN) (non commercial uses only) ® Copyright 2017
520 _aCURATORE PASQUALETTI G. BENEDIZIONE DEL CARDINALE VILLOT 1976. SACERDOTE NELLA CHIESA TORINESE. PER LE MISSIONI. FISIONOMIA SPIRITUALE.
650 _aMISSIONOLOGIA
942 _cBK
957 _71
999 _a33358
_bNO
_g Copie: 1
_c287536
_d287536